| 000 | 00981cam a2200265 4500 | ||
|---|---|---|---|
| 001 | 1223689 | ||
| 005 | 20171024114808.0 | ||
| 008 | 700729s1964 nju |db 001 0 eng d | ||
| 010 | _a 64012184 | ||
| 040 |
_aDLC _cDLC _dDLC |
||
| 043 | _ae-ur--- | ||
| 050 | 0 | 0 |
_aJX1995 _b.R8 |
| 082 | 0 | 0 |
_a327.47 _222 _bRUB |
| 100 | 1 |
_aRubinstein, Alvin Z. _910515 |
|
| 245 | 1 | 4 |
_aThe Soviets in International Organizations: _bChanging policy toward Developing Countries, 1953-1963/ _cBy Alvin Z. Rubinstein; With a foreword by Philip E. Jacob |
| 260 |
_aPrinceton: _bPrinceton University Press, 1964 _c1964. |
||
| 300 |
_axix, 380 p.; _c23 cm. |
||
| 500 | _aDonated by: Alaa Abdel Ghany | ||
| 504 | _aIncludes bibliography: p. 365-367 and index | ||
| 650 | 0 |
_aTechnical assistance, Soviet. _910517 |
|
| 651 |
_910513 _aSoviet Union _x--Foreign relations _y--1985-1991 |
||
| 651 |
_910514 _aSoviet Union _x--Foreign relations |
||
| 650 | 0 |
_910516 _aInternational agencies |
|
| 942 |
_2ddc _cBB |
||
| 999 |
_c13171 _d13171 |
||